Ιδέες και κινήσεις για την οικονομική και πολιτική οργάνωση της εργατικής τάξης : 1907-1925

Αποθηκεύτηκε σε:
Λεπτομέρειες βιβλιογραφικής εγγραφής
Άλλοι συγγραφείς: Νούτσος, Παναγιώτης Χρ., 1948- (Επιμελητής έκδοσης)
Μορφή: Βιβλίο
Γλώσσα:Greek
Δημοσίευση: Αθήνα : Γνώση, 1991-1999.
Σειρά:Φιλοσοφική και πολιτική βιβλιοθήκη ; v.35
Θέματα:
Ετικέτες: Προσθήκη ετικέτας
Δεν υπάρχουν, Καταχωρήστε ετικέτα πρώτοι!

MARC

LEADER 00000cam a2200000 i 4500
001 1/4047
008 960503m19919999gr | ||| |||| ||gre||
020 |a 960235397X 
035 |l 10015438 
040 |a GR-MY-UA  |b gre  |e aacr 
041 0 |a gre 
082 7 |a 320.53109495   |2 (22) 
245 1 0 |a Ιδέες και κινήσεις για την οικονομική και πολιτική οργάνωση της εργατικής τάξης :   |b 1907-1925 /   |c εισαγωγή, επιλογή κειμένων, υπομνηματισμός: Παναγιώτης Νούτσος.  
260 |a Αθήνα :   |b Γνώση,   |c 1991-1999.  
300 |a  τ. ;   |c 21 εκ.  
490 1 |a (Φιλοσοφική και πολιτική βιβλιοθήκη ;   |v  vol.35) 
500 |a Περίληψη στα γαλλικά.  
504 |a Περιέχει βιβλιογραφικές παραπομπές και ευρετήριο.  
505 0 |a τ.2. μέρος Α': Από το κοινωνικόν μας ζήτημα στην ιδρυτική γενιά του ΣΕΚΕ  
650 0 0 |a Socialism  |z Greece  |x History  |x Sources. 
650 0 0 |a Communism  |z Greece  |x History  |x Sources. 
700 1 |a Νούτσος, Παναγιώτης Χρ.,   |d 1948-  |e edt 
774 1 |t Η σοσιαλιστική σκέψη στην Ελλάδα από το 1875 ως το 1974 
830 0 |a Φιλοσοφική και πολιτική βιβλιοθήκη ;  |v  v.35 
852 |a INST  |b LESVOS  |e 19960503  |h 320.53109495 ΣΟΣ  |p 005100000151  |q 005100000151  |t BK  |y 0  |z τ.2 
852 |a INST  |b LESVOS  |e 19960503  |h 320.53109495 ΣΟΣ  |p 005100000151  |q 005100000151  |t BK  |v τ.2:  |y 0  |z τ.2 
853 |a INST  |b LESVOS  |h 320.53109495 ΣΟΣ 
909 |a Λ  |b 021956 
970 |z 1996/05